000 00431nab a2200145Ia 4500
003 ES-SlBCS
005 20220109124115.0
008 140529s2006 xxu||||| |||| 00| 0 spa d
041 _aspa
100 1 _aLeguina, Joaquín
_9233520
245 0 0 _aPor la senda de la España plural
_c Joaquín Leguina
651 4 _aEspaña Plural
_9231410
773 0 _tClaves de Razón Práctica
_gnº. 168, 2006, págs. 40-44
_wRev1103
942 _cAR
999 _c629556
_d629556